[Event "GRE-ch U20"]
[Site "Trikala"]
[Date "2022.08.25"]
[Round "1"]
[White "Deligiannis, Christos Nikolaos"]
[Black "Kosteas, Frixos Vasileios"]
[Result "1-0"]
[WhiteElo "1873"]
[BlackElo "1368"]
[PlyCount "101"]
[EventDate "2022.08.25"]
[EventType "swiss"]
[EventRounds "9"]
[EventCountry "GRE"]
[SourceTitle "CBM 210 Extra"]
[Source "ChessBase"]
[SourceDate "2022.11.30"]
[SourceVersion "1"]
[SourceVersionDate "2022.11.30"]
[SourceQuality "1"]

1. d4 Nf6 2. c4 e6 3. g3 d5 4. Bg2 Be7 5. Nf3 0-0 6. 0-0 dxc4 7. Ne5 Nbd7 8. Nxc4 c6 9. Qc2 Nb6 10. Rd1 Nxc4 11. Qxc4 Qc7 12. Nc3 a6 13. a4 Rd8 14. e4 Qb6 15. Bg5 h6 16. a5 Qa7 17. Bxf6 Bxf6 18. e5 Be7 19. Na4 Rf8 20. Nb6 Rb8 21. Rd3 Bd8 22. Qc5 Bc7 23. Rad1 f6 24. f4 Rf7 25. Nc4 b6 26. Qxc6 Bd7 27. Qe4 f5 28. Qe3 bxa5 29. d5 Qxe3+ 30. Rxe3 Bb6 31. Nxb6 Rxb6 32. Ra3 Rxb2 33. Rxa5 Rb6 34. Rda1 Bb5 35. dxe6 Rc7 36. Rb1 Kf8 37. Bf1 Rc5 38. Bxb5 Rcxb5 39. Raxb5 axb5 40. Kf2 Ke7 41. Ke3 Kxe6 42. Kd4 g5 43. Kc5 Rb8 44. Rxb5 Rxb5+ 45. Kxb5 Kd5 46. Kb6 Ke6 47. Kc6 g4 48. Kc5 Kd7 49. Kd5 Ke7 50. e6 Kf6 51. e7 1-0

[Event "GRE CupT 40th f/16"]
[Site "Greece"]
[Date "2022.06.19"]
[Round "1.2"]
[White "Gimnopoulos, Lazaros"]
[Black "Deligiannis, Christos Nikolaos"]
[Result "1-0"]
[WhiteElo "1991"]
[BlackElo "1887"]
[PlyCount "121"]
[EventDate "2022.06.19"]
[EventType "team-k.o."]
[EventRounds "1"]
[EventCountry "GRE"]
[SourceTitle "EXT 2024"]
[Source "ChessBase"]
[SourceDate "2023.10.10"]
[SourceVersion "1"]
[SourceVersionDate "2023.10.10"]
[SourceQuality "1"]

1. e4 c5 2. Nf3 d6 3. d4 cxd4 4. Nxd4 Nf6 5. Nc3 a6 6. Bg5 e6 7. f4 Be7 8. Qf3 h6 9. Bh4 g5 10. fxg5 Nh7 11. 0-0-0 Nxg5 12. Qd3 Nd7 13. Nf3 Qa5 14. Bg3 Nxf3 15. gxf3 Ne5 16. Qe3 Bd7 17. Be2 h5 18. f4 Nc6 19. Bc4 h4 20. Bf2 0-0-0 21. Rhg1 Rdg8 22. Kb1 Kc7 23. Nd5+ exd5 24. exd5 Bf6 25. dxc6 Qb4 26. c3 Bf5+ 27. Ka1 Qc5 28. Qxc5 dxc5 29. cxb7 Rxg1 30. Rxg1 Kxb7 31. Bxf7 Kc6 32. Bc4 a5 33. a4 Rd8 34. Be3 h3 35. Ka2 Be4 36. Bb5+ Kb6 37. Be2 Re8 38. Rg3 Bd5+ 39. Ka3 Bg2 40. Bb5 Re6 41. b4 axb4+ 42. cxb4 Be7 43. f5 Re4 44. Rg6+ Kc7 45. Bxc5 Bxc5 46. bxc5 Re5 47. Rg7+ Kb8 48. f6 Bd5 49. f7 Bxf7 50. Rxf7 Rxc5 51. Rh7 Rc3+ 52. Kb4 Rf3 53. Ka5 Rf6 54. Rxh3 Rf7 55. Rh6 Kb7 56. h4 Rg7 57. h5 Ka7 58. Rg6 Rh7 59. h6 Ka8 60. Rg8+ Ka7 61. Rg7+ 1-0

[Event "GRE-ch U20"]
[Site "Trikala"]
[Date "2021.08.24"]
[Round "2"]
[White "Deligiannis, Christos Nikolaos"]
[Black "Kouvidis, Ioannis"]
[Result "1-0"]
[WhiteElo "1735"]
[BlackElo "2040"]
[PlyCount "45"]
[EventDate "2021.08.23"]
[EventType "swiss"]
[EventRounds "9"]
[EventCountry "GRE"]
[SourceTitle "EXT 2022"]
[Source "ChessBase"]
[SourceDate "2021.10.06"]
[SourceVersion "1"]
[SourceVersionDate "2021.10.06"]
[SourceQuality "1"]

1. d4 Nf6 2. c4 c5 3. d5 d6 4. Nc3 g6 5. e4 Bg7 6. h4 0-0 7. Be2 e6 8. h5 exd5 9. exd5 Re8 10. Kf1 Ne4 11. Nxe4 Rxe4 12. Nf3 Bg4 13. Qc2 Re8 14. hxg6 hxg6 15. Bd2 Nd7 16. Bc3 Nf6 17. Bd3 Bxf3 18. gxf3 Qd7 19. Bxg6 fxg6 20. Qxg6 Qf7 21. Rh8+ Kxh8 22. Qxf7 Rf8 23. Qg6 1-0